| 000 | 00569nam a2200181Ia 4500 | ||
|---|---|---|---|
| 003 | IN-BaIIA | ||
| 008 | 211028s9999 xx 000 0 eng d | ||
| 020 | _a0-8359-0589-6 | ||
| 040 | _cIIA Library | ||
| 080 |
_a621.317 _bBRA |
||
| 100 |
_aBraccio, Michael _910948 |
||
| 245 | 0 |
_aBasic electrical and electronic tests and measurements _cMichael Braccio |
|
| 260 |
_aVirginia _bReston Publications _c1978 |
||
| 300 | _aviii, 248p. | ||
| 650 |
_aElectronics tests measurements _910949 |
||
| 650 | _aNASA Thesaurus | ||
| 942 | _cBK | ||
| 999 |
_c6379 _d6379 |
||